[Event "WCO2014"]
[Site "Tromso"]
[Date "2014.08.03"]
[Round "2.39"]
[WhiteID "4139690"]
[White "Kochetkova Julia"]
[BlackID "3405494"]
[Black "Jorquera Cabello Valentina"]
[Result "1-0"]
[LiveChessVersion "1.4.3"]
[BlackElo "1999"]
[WhiteElo "2338"]

1. e4 {[%clk 1:30:57]} c5 {[%clk 1:30:50]} 2. Nc3 {[%clk 1:31:21]} d6
{[%clk 1:31:00]} 3. Bb5+ {[%clk 1:30:10]} Bd7 {[%clk 1:25:16]} 4. Bxd7+
{[%clk 1:30:01]} Qxd7 {[%clk 1:25:13]} 5. Nge2 {[%clk 1:29:53]} Nc6
{[%clk 1:25:17]} 6. d4 {[%clk 1:29:55]} cxd4 {[%clk 1:23:40]} 7. Nxd4
{[%clk 1:30:18]} g6 {[%clk 1:22:16]} 8. O-O {[%clk 1:20:00]} Bg7 {[%clk 1:19:17]}
9. Nf3 {[%clk 1:18:57]} Nf6 {[%clk 1:18:39]} 10. Qe2 {[%clk 1:17:55]} Rd8
{[%clk 1:12:53]} 11. Bg5 {[%clk 1:09:23]} h6 {[%clk 1:03:20]} 12. Bh4
{[%clk 1:03:13]} g5 {[%clk 0:51:02]} 13. Bg3 {[%clk 1:02:29]} Nh5
{[%clk 0:50:33]} 14. Rad1 {[%clk 1:00:24]} Nxg3 {[%clk 0:49:56]} 15. hxg3
{[%clk 1:00:53]} O-O {[%clk 0:49:45]} 16. Qe3 {[%clk 0:50:18]} f5
{[%clk 0:42:21]} 17. exf5 {[%clk 0:49:16]} Qxf5 {[%clk 0:42:10]} 18. Rd2
{[%clk 0:45:38]} d5 {[%clk 0:40:45]} 19. g4 {[%clk 0:41:20]} Qf7 {[%clk 0:37:46]}
20. Ne2 {[%clk 0:40:17]} e5 {[%clk 0:37:17]} 21. c3 {[%clk 0:32:08]} e4
{[%clk 0:35:52]} 22. Nfd4 {[%clk 0:32:23]} Ne5 {[%clk 0:35:55]} 23. Qh3
{[%clk 0:32:06]} e3 {[%clk 0:30:33]} 24. Qxe3 {[%clk 0:31:07]} Nc4
{[%clk 0:20:06]} 25. Qd3 {[%clk 0:29:12]} Nxd2 {[%clk 0:20:13]} 26. Qxd2
{[%clk 0:29:41]} Rde8 {[%clk 0:14:28]} 27. Nf5 {[%clk 0:29:00]} Re5
{[%clk 0:09:14]} 28. Ned4 {[%clk 0:28:10]} Re4 {[%clk 0:08:25]} 29. Nxg7
{[%clk 0:25:41]} Kxg7 {[%clk 0:07:57]} 30. Nf5+ {[%clk 0:25:55]} Kh7
{[%clk 0:07:13]} 31. Nd6 {[%clk 0:26:03]} Qe6 {[%clk 0:05:53]} 32. Nxe4
{[%clk 0:26:01]} dxe4 {[%clk 0:06:12]} 33. Qd4 {[%clk 0:24:50]} Qxg4
{[%clk 0:03:33]} 34. Re1 {[%clk 0:24:55]} Re8 {[%clk 0:01:01]} 35. f3
{[%clk 0:22:13]} Qf5 {[%clk 0:00:32]} 36. Rxe4 {[%clk 0:21:54]} Rxe4
{[%clk 0:00:52]} 37. fxe4 {[%clk 0:19:16]} Qf4 {[%clk 0:01:06]} 38. e5
{[%clk 0:17:40]} Qc1+ {[%clk 0:00:43]} 39. Kh2 {[%clk 0:18:08]} Qe1
{[%clk 0:00:54]} 40. c4 {[%clk 0:15:16]} h5 {[%clk 0:00:32]} 41. Qd7+
{[%clk 0:15:17]} Kh6 {[%clk 0:00:42]} 42. Qe6+ {[%clk 0:15:38]} Kh7
{[%clk 0:30:51]} 43. Qf5+ {[%clk 0:46:52]} Kh8 {[%clk 0:29:05]} 44. Qxg5
{[%clk 0:47:04]} h4 {[%clk 0:28:08]} 45. c5 {[%clk 0:46:39]} a5 {[%clk 0:27:59]}
46. b3 {[%clk 0:46:14]} Kh7 {[%clk 0:27:47]} 47. a3 {[%clk 0:41:59]} Qe4
{[%clk 0:23:51]} 48. Qf6 {[%clk 0:36:39]} Qe1 {[%clk 0:22:39]} 49. Qf4
{[%clk 0:36:34]} h3 {[%clk 0:20:05]} 50. Qf5+ {[%clk 0:32:41]} Kg8
{[%clk 0:20:03]} 51. Qxh3 1-0

[Event "WCO2014"]
[Site "Tromso"]
[Date "2014.08.03"]
[Round "2.38"]
[WhiteID "3403920"]
[White "Reyes Jara Paula"]
[BlackID "14904888"]
[Black "Machalova Veronika"]
[Result "1/2-1/2"]
[LiveChessVersion "1.4.3"]
[BlackElo "2214"]
[WhiteElo "2041"]

1. e4 {[%clk 1:30:50]} c5 {[%clk 1:30:52]} 2. Nf3 {[%clk 1:31:03]} e6
{[%clk 1:31:06]} 3. d4 {[%clk 1:30:37]} cxd4 {[%clk 1:31:24]} 4. Nxd4
{[%clk 1:30:44]} a6 {[%clk 1:31:34]} 5. Nc3 {[%clk 1:28:47]} Qc7 {[%clk 1:31:08]}
6. Be3 {[%clk 1:25:29]} Bb4 {[%clk 1:25:42]} 7. Bd2 {[%clk 1:14:06]} Nf6
{[%clk 1:19:21]} 8. Bd3 {[%clk 1:00:08]} O-O {[%clk 1:13:24]} 9. Qe2
{[%clk 0:55:07]} d6 {[%clk 0:57:37]} 10. O-O-O {[%clk 0:50:00]} Nc6
{[%clk 0:46:05]} 11. Nxc6 {[%clk 0:48:31]} bxc6 {[%clk 0:46:33]} 12. g4
{[%clk 0:44:16]} Qa5 {[%clk 0:33:56]} 13. g5 {[%clk 0:30:44]} Ne8
{[%clk 0:31:48]} 14. Bc4 {[%clk 0:27:43]} Rb8 {[%clk 0:22:12]} 15. f4
{[%clk 0:25:36]} d5 {[%clk 0:18:31]} 16. Bb3 {[%clk 0:25:30]} d4 {[%clk 0:17:38]}
17. Nb1 {[%clk 0:22:48]} Nd6 {[%clk 0:15:13]} 18. Bxb4 {[%clk 0:19:30]} Qxb4
{[%clk 0:15:37]} 19. c3 {[%clk 0:19:35]} dxc3 {[%clk 0:14:58]} 20. Nxc3
{[%clk 0:19:54]} Nb5 {[%clk 0:14:28]} 21. Nxb5 {[%clk 0:17:00]} cxb5
{[%clk 0:14:54]} 22. Rhe1 {[%clk 0:15:42]} Bb7 {[%clk 0:14:47]} 23. Qe3
{[%clk 0:15:00]} Rbc8+ {[%clk 0:13:55]} 24. Kb1 {[%clk 0:15:18]} Rfd8
{[%clk 0:12:24]} 25. Rxd8+ {[%clk 0:14:26]} Rxd8 {[%clk 0:12:48]} 26. f5
{[%clk 0:14:37]} Bc8 {[%clk 0:10:27]} 27. f6 {[%clk 0:14:12]} g6 {[%clk 0:10:16]}
28. Rc1 {[%clk 0:14:15]} Bb7 {[%clk 0:10:14]} 29. Qb6 {[%clk 0:09:54]} Bxe4+
{[%clk 0:06:45]} 30. Ka1 {[%clk 0:10:02]} Qd2 {[%clk 0:07:01]} 31. Qc7
{[%clk 0:08:33]} Rd7 {[%clk 0:05:28]} 32. Qc8+ {[%clk 0:07:54]} 1/2-1/2

[Event "WCO2014"]
[Site "Tromso"]
[Date "2014.08.03"]
[Round "2.37"]
[WhiteID "14919311"]
[White "Gazikova Veronika"]
[BlackID "3408205"]
[Black "Fuentes Inzunza Lesly"]
[Result "1-0"]
[LiveChessVersion "1.4.3"]
[BlackElo "1895"]
[WhiteElo "2034"]

1. e4 {[%clk 1:30:57]} c6 {[%clk 1:30:51]} 2. d4 {[%clk 1:31:14]} d5
{[%clk 1:31:12]} 3. exd5 {[%clk 1:31:32]} cxd5 {[%clk 1:31:28]} 4. c4
{[%clk 1:31:54]} Nf6 {[%clk 1:31:42]} 5. Nc3 {[%clk 1:32:02]} e6 {[%clk 1:31:48]}
6. Nf3 {[%clk 1:30:04]} Nc6 {[%clk 1:30:53]} 7. Bg5 {[%clk 1:30:23]} Be7
{[%clk 1:29:51]} 8. c5 {[%clk 1:30:20]} Ne4 {[%clk 1:28:07]} 9. Bxe7
{[%clk 1:30:38]} Qxe7 {[%clk 1:28:17]} 10. Bb5 {[%clk 1:29:23]} Bd7
{[%clk 1:21:33]} 11. Rc1 {[%clk 1:23:39]} O-O {[%clk 1:10:15]} 12. Bxc6
{[%clk 1:18:03]} Bxc6 {[%clk 1:09:45]} 13. O-O {[%clk 1:18:08]} f6
{[%clk 1:03:52]} 14. Re1 {[%clk 1:14:59]} Rad8 {[%clk 0:57:41]} 15. Nd2
{[%clk 1:03:12]} Nxc3 {[%clk 0:50:59]} 16. Rxc3 {[%clk 1:03:32]} Rfe8
{[%clk 0:33:10]} 17. Nf3 {[%clk 0:56:53]} Qf7 {[%clk 0:23:51]} 18. b4
{[%clk 0:35:08]} Re7 {[%clk 0:22:36]} 19. Rce3 {[%clk 0:31:51]} a6
{[%clk 0:16:14]} 20. Nh4 {[%clk 0:26:05]} Rde8 {[%clk 0:13:26]} 21. a4
{[%clk 0:20:23]} g5 {[%clk 0:12:28]} 22. Nf3 {[%clk 0:20:07]} Rb8
{[%clk 0:06:51]} 23. Qc2 {[%clk 0:16:14]} Kg7 {[%clk 0:04:35]} 24. Qb3
{[%clk 0:12:36]} Qe8 {[%clk 0:04:44]} 25. Ra1 {[%clk 0:11:26]} h6
{[%clk 0:04:19]} 26. Re2 {[%clk 0:10:55]} b5 {[%clk 0:03:07]} 27. a5
{[%clk 0:10:43]} Qg6 {[%clk 0:02:49]} 28. Rae1 {[%clk 0:10:33]} Rbe8
{[%clk 0:03:09]} 29. Re3 {[%clk 0:10:04]} Qf5 {[%clk 0:02:46]} 30. Qb2
{[%clk 0:08:15]} h5 {[%clk 0:02:07]} 31. h4 {[%clk 0:07:03]} g4 {[%clk 0:02:10]}
32. Nh2 {[%clk 0:06:21]} Kf7 {[%clk 0:02:16]} 33. Nf1 {[%clk 0:03:58]} Qg6
{[%clk 0:01:46]} 34. Ng3 {[%clk 0:03:32]} Bd7 {[%clk 0:01:16]} 35. Qc1
{[%clk 0:02:06]} Rc8 {[%clk 0:01:35]} 36. f3 {[%clk 0:01:05]} gxf3
{[%clk 0:01:43]} 37. Rxf3 {[%clk 0:01:27]} Rc6 {[%clk 0:00:51]} 38. Qe3
{[%clk 0:00:59]} Kg8 {[%clk 0:00:35]} 39. Nf5 {[%clk 0:00:58]} Re8
{[%clk 0:00:44]} 40. Rg3 {[%clk 0:01:15]} Kf7 {[%clk 0:00:34]} 41. Rxg6
{[%clk 0:29:39]} exf5 {[%clk 0:30:44]} 42. Qh6 {[%clk 0:29:52]} Rxe1+
{[%clk 0:30:22]} 43. Kf2 {[%clk 0:30:09]} Re4 {[%clk 0:12:49]} 44. Qg7+
{[%clk 0:28:54]} Ke8 {[%clk 0:12:48]} 45. Qg8+ 1-0

[Event "WCO2014"]
[Site "Tromso"]
[Date "2014.08.03"]
[Round "2.13"]
[WhiteID "3506940"]
[White "Ordaz Valdes Lisandra Teresa"]
[BlackID "305650"]
[Black "Ptacnikova Lenka"]
[Result "1/2-1/2"]
[LiveChessVersion "1.4.3"]
[BlackElo "2273"]
[WhiteElo "2345"]

1. d4 {[%clk 1:30:55]} Nf6 {[%clk 1:30:53]} 2. c4 {[%clk 1:31:20]} e6
{[%clk 1:31:14]} 3. Nc3 {[%clk 1:31:43]} Bb4 {[%clk 1:31:20]} 4. Qc2
{[%clk 1:32:05]} Nc6 {[%clk 1:31:24]} 5. e3 {[%clk 1:27:13]} e5 {[%clk 1:30:47]}
6. d5 {[%clk 1:26:00]} Ne7 {[%clk 1:27:40]} 7. Bd2 {[%clk 1:26:17]} a6
{[%clk 1:22:55]} 8. Bd3 {[%clk 1:13:57]} Bc5 {[%clk 1:13:30]} 9. Nge2
{[%clk 1:00:22]} d6 {[%clk 1:11:46]} 10. b4 {[%clk 0:57:41]} Ba7 {[%clk 1:12:09]}
11. Ng3 {[%clk 0:55:10]} O-O {[%clk 1:06:57]} 12. O-O {[%clk 0:54:13]} c6
{[%clk 1:00:30]} 13. Qb3 {[%clk 0:49:36]} h5 {[%clk 0:39:12]} 14. h3
{[%clk 0:38:16]} h4 {[%clk 0:34:30]} 15. Nge2 {[%clk 0:33:35]} Nh5
{[%clk 0:34:17]} 16. f4 {[%clk 0:32:42]} exf4 {[%clk 0:31:59]} 17. Nxf4
{[%clk 0:33:03]} Ng3 {[%clk 0:32:14]} 18. Rf3 {[%clk 0:31:51]} Nef5
{[%clk 0:31:28]} 19. Nfe2 {[%clk 0:23:53]} Re8 {[%clk 0:25:35]} 20. Nxg3
{[%clk 0:21:06]} Nxg3 {[%clk 0:24:32]} 21. Ne2 {[%clk 0:17:49]} Ne4
{[%clk 0:22:53]} 22. Bxe4 {[%clk 0:18:07]} Rxe4 {[%clk 0:23:17]} 23. Qd3
{[%clk 0:18:05]} Qe7 {[%clk 0:19:51]} 24. Raf1 {[%clk 0:16:23]} f6
{[%clk 0:13:42]} 25. Nc3 {[%clk 0:13:53]} Re5 {[%clk 0:13:38]} 26. Kh1
{[%clk 0:14:18]} Bd7 {[%clk 0:13:49]} 27. e4 {[%clk 0:14:34]} Rd8
{[%clk 0:09:34]} 28. Rf4 {[%clk 0:11:37]} Rf8 {[%clk 0:04:35]} 29. Qf3
{[%clk 0:10:35]} f5 {[%clk 0:02:03]} 30. Qh5 {[%clk 0:04:17]} g5 {[%clk 0:01:19]}
31. R4f3 {[%clk 0:03:42]} f4 {[%clk 0:00:49]} 32. Qg6+ {[%clk 0:04:03]} Kh8
{[%clk 0:01:00]} 33. Qh6+ {[%clk 0:04:10]} Kg8 {[%clk 0:01:21]} 34. Qg6+
{[%clk 0:04:19]} Kh8 {[%clk 0:01:48]} 35. Qh6+ {[%clk 0:04:44]} 1/2-1/2

[Event "WCO2014"]
[Site "Tromso"]
[Date "2014.08.03"]
[Round "2.14"]
[WhiteID "2302454"]
[White "Thorsteinsdottir Hallgerdur"]
[BlackID "3503950"]
[Black "Marrero Lopez Yaniet"]
[Result "0-1"]
[LiveChessVersion "1.4.3"]
[BlackElo "2324"]
[WhiteElo "1982"]

1. d4 {[%clk 1:30:54]} Nf6 {[%clk 1:30:45]} 2. c4 {[%clk 1:31:16]} e6
{[%clk 1:31:07]} 3. Nc3 {[%clk 1:31:34]} Bb4 {[%clk 1:31:25]} 4. Qc2
{[%clk 1:31:48]} O-O {[%clk 1:31:39]} 5. a3 {[%clk 1:31:49]} Bxc3+
{[%clk 1:31:07]} 6. Qxc3 {[%clk 1:32:10]} d6 {[%clk 1:30:45]} 7. Nf3
{[%clk 1:31:15]} b6 {[%clk 1:29:58]} 8. Bg5 {[%clk 1:29:58]} Nbd7
{[%clk 1:20:55]} 9. Nd2 {[%clk 1:27:53]} Bb7 {[%clk 1:20:00]} 10. f3
{[%clk 1:25:08]} h6 {[%clk 1:17:55]} 11. Bh4 {[%clk 1:24:54]} Rc8
{[%clk 1:13:40]} 12. e3 {[%clk 1:19:20]} Re8 {[%clk 1:07:48]} 13. Bd3
{[%clk 1:16:39]} e5 {[%clk 1:05:31]} 14. O-O {[%clk 1:04:55]} c5 {[%clk 1:00:20]}
15. Bxf6 {[%clk 0:56:01]} cxd4 {[%clk 0:40:25]} 16. Qb4 {[%clk 0:40:36]} Qxf6
{[%clk 0:39:08]} 17. exd4 {[%clk 0:40:44]} exd4 {[%clk 0:35:18]} 18. Be4
{[%clk 0:31:39]} Nc5 {[%clk 0:31:24]} 19. Bxb7 {[%clk 0:26:01]} Nxb7
{[%clk 0:31:51]} 20. Rfd1 {[%clk 0:20:46]} Nc5 {[%clk 0:31:33]} 21. Nb3
{[%clk 0:15:21]} d3 {[%clk 0:30:36]} 22. Nc1 {[%clk 0:14:16]} Qd4+
{[%clk 0:30:32]} 23. Kh1 {[%clk 0:13:08]} d2 {[%clk 0:29:51]} 24. Nb3
{[%clk 0:12:38]} Nxb3 {[%clk 0:29:08]} 25. Qxb3 {[%clk 0:12:33]} Re2
{[%clk 0:29:17]} 26. Rf1 {[%clk 0:10:34]} Rce8 {[%clk 0:28:36]} 27. Qb4
{[%clk 0:08:44]} a5 {[%clk 0:27:39]} 28. Qc3 {[%clk 0:08:57]} Qxc3
{[%clk 0:27:41]} 0-1

[Event "WCO2014"]
[Site "Tromso"]
[Date "2014.08.03"]
[Round "2.15"]
[WhiteID "3503151"]
[White "Pina Vega Sulennis"]
[BlackID "2300214"]
[Black "Finnbogadottir Tinna Kristin"]
[Result "1-0"]
[LiveChessVersion "1.4.3"]
[BlackElo "1915"]
[WhiteElo "2270"]

1. e4 {[%clk 1:30:58]} d5 {[%clk 1:30:56]} 2. exd5 {[%clk 1:30:48]} Nf6
{[%clk 1:31:20]} 3. Bb5+ {[%clk 1:30:48]} Bd7 {[%clk 1:31:40]} 4. Be2
{[%clk 1:31:15]} Nxd5 {[%clk 1:31:56]} 5. d4 {[%clk 1:31:39]} g6 {[%clk 1:31:34]}
6. c4 {[%clk 1:31:28]} Nf6 {[%clk 1:29:41]} 7. Nc3 {[%clk 1:27:13]} Bg7
{[%clk 1:28:59]} 8. Nf3 {[%clk 1:27:36]} O-O {[%clk 1:28:06]} 9. O-O
{[%clk 1:28:01]} Bf5 {[%clk 1:27:16]} 10. Re1 {[%clk 1:24:40]} c6
{[%clk 1:18:35]} 11. h3 {[%clk 1:21:51]} h5 {[%clk 1:14:47]} 12. Bf1
{[%clk 1:21:41]} Na6 {[%clk 1:13:28]} 13. Qb3 {[%clk 1:17:40]} Qc7
{[%clk 0:57:02]} 14. Bg5 {[%clk 1:14:29]} c5 {[%clk 0:54:53]} 15. Nb5
{[%clk 0:50:36]} Qb6 {[%clk 0:51:17]} 16. a4 {[%clk 0:41:24]} cxd4
{[%clk 0:47:32]} 17. Nfxd4 {[%clk 0:40:52]} Ne4 {[%clk 0:44:38]} 18. Be3
{[%clk 0:39:39]} Nac5 {[%clk 0:38:44]} 19. Qa3 {[%clk 0:34:37]} a6
{[%clk 0:30:08]} 20. Nc3 {[%clk 0:32:29]} Nxc3 {[%clk 0:29:10]} 21. Nxf5
{[%clk 0:32:29]} N3e4 {[%clk 0:20:08]} 22. Nxg7 {[%clk 0:29:41]} Qc7
{[%clk 0:18:10]} 23. f3 {[%clk 0:29:22]} Kxg7 {[%clk 0:17:27]} 24. fxe4
{[%clk 0:20:39]} Nxe4 {[%clk 0:17:51]} 25. Bd4+ {[%clk 0:20:15]} e5
{[%clk 0:18:01]} 26. Rxe4 {[%clk 0:20:33]} exd4 {[%clk 0:18:24]} 27. Rxd4
{[%clk 0:20:55]} Rae8 {[%clk 0:17:47]} 28. Rad1 {[%clk 0:20:00]} Re7
{[%clk 0:17:00]} 29. Qd6 {[%clk 0:20:11]} Rc8 {[%clk 0:16:24]} 30. Qxc7
{[%clk 0:20:06]} Rcxc7 {[%clk 0:16:43]} 31. Kf2 {[%clk 0:20:12]} Kh6
{[%clk 0:16:25]} 32. h4 {[%clk 0:20:20]} Kg7 {[%clk 0:16:30]} 33. Be2
{[%clk 0:20:36]} Kh6 {[%clk 0:15:50]} 34. R1d2 {[%clk 0:20:41]} Kg7
{[%clk 0:16:07]} 35. Bf3 {[%clk 0:20:36]} Kh6 {[%clk 0:16:22]} 36. b4
{[%clk 0:20:25]} Kg7 {[%clk 0:16:37]} 37. a5 {[%clk 0:20:47]} Kf8
{[%clk 0:16:37]} 38. Rd8+ {[%clk 0:21:06]} Kg7 {[%clk 0:17:02]} 39. c5
{[%clk 0:21:31]} Kf6 {[%clk 0:17:03]} 40. R2d6+ {[%clk 0:21:56]} Kf5
{[%clk 0:16:42]} 41. Rb6 {[%clk 0:20:56]} Ke5 {[%clk 0:16:26]} 42. Rd5+
{[%clk 0:21:17]} 1-0

[Event "WCO2014"]
[Site "Tromso"]
[Date "2014.08.03"]
[Round "2.16"]
[WhiteID "2303108"]
[White "Johannsdottir Johanna Bjorg"]
[BlackID "3507041"]
[Black "Vigoa Apecheche Yanira"]
[Result "0-1"]
[LiveChessVersion "1.4.3"]
[BlackElo "2317"]
[WhiteElo "1862"]

1. e4 {[%clk 1:30:56]} c5 {[%clk 1:30:53]} 2. Nf3 {[%clk 1:31:17]} a6
{[%clk 1:31:00]} 3. c3 {[%clk 1:31:42]} Qa5 {[%clk 1:27:16]} 4. g3
{[%clk 1:28:01]} d6 {[%clk 1:26:54]} 5. Bg2 {[%clk 1:27:38]} Nc6 {[%clk 1:26:53]}
6. O-O {[%clk 1:26:59]} Nf6 {[%clk 1:27:14]} 7. Re1 {[%clk 1:27:11]} Bg4
{[%clk 1:27:02]} 8. d3 {[%clk 1:24:56]} g6 {[%clk 1:22:04]} 9. Nbd2
{[%clk 1:24:10]} Qc7 {[%clk 1:16:46]} 10. h3 {[%clk 1:22:18]} Bxf3
{[%clk 1:13:54]} 11. Nxf3 {[%clk 1:22:18]} Bg7 {[%clk 1:14:17]} 12. Be3
{[%clk 1:20:59]} O-O {[%clk 1:13:46]} 13. Rc1 {[%clk 1:21:18]} Rac8
{[%clk 1:09:39]} 14. Qd2 {[%clk 1:18:42]} c4 {[%clk 1:02:55]} 15. Bg5
{[%clk 1:11:07]} cxd3 {[%clk 1:02:24]} 16. Qxd3 {[%clk 1:09:09]} h6
{[%clk 1:00:57]} 17. Bf4 {[%clk 1:09:32]} Nd7 {[%clk 0:58:35]} 18. h4
{[%clk 1:05:53]} Rcd8 {[%clk 0:46:53]} 19. Qd2 {[%clk 1:04:34]} Kh7
{[%clk 0:46:41]} 20. b3 {[%clk 1:03:35]} Qa5 {[%clk 0:39:41]} 21. Bh3
{[%clk 0:57:58]} Nde5 22. Bxe5 {[%clk 0:58:04]} dxe5 {[%clk 0:36:47]} 23. Qe2
{[%clk 0:58:12]} b5 {[%clk 0:34:32]} 24. Qe3 {[%clk 0:52:53]} Rd6
{[%clk 0:25:24]} 25. Rc2 {[%clk 0:50:40]} Rfd8 {[%clk 0:23:09]} 26. Qc5
{[%clk 0:50:11]} Qc7 {[%clk 0:19:23]} 27. Bf1 {[%clk 0:49:19]} Qb7
{[%clk 0:18:21]} 28. a3 {[%clk 0:48:03]} Rc8 {[%clk 0:16:59]} 29. Qe3
{[%clk 0:48:15]} Qd7 {[%clk 0:15:03]} 30. Rd2 {[%clk 0:45:26]} Na5
{[%clk 0:12:57]} 31. c4 {[%clk 0:42:40]} bxc4 {[%clk 0:11:43]} 32. b4
{[%clk 0:42:55]} Rxd2 {[%clk 0:08:58]} 33. Nxd2 {[%clk 0:43:10]} c3
{[%clk 0:08:22]} 34. Nf3 {[%clk 0:41:40]} Nb3 {[%clk 0:06:20]} 35. Bxa6
{[%clk 0:41:33]} Rc7 {[%clk 0:06:42]} 36. Bd3 {[%clk 0:41:00]} Nd4
{[%clk 0:06:01]} 37. Rc1 {[%clk 0:40:52]} Qa4 {[%clk 0:05:38]} 38. b5
{[%clk 0:39:31]} Qxa3 {[%clk 0:05:23]} 39. b6 {[%clk 0:39:53]} Nxf3+
{[%clk 0:05:22]} 40. Kg2 {[%clk 0:40:16]} Nxh4+ {[%clk 0:04:18]} 41. gxh4
{[%clk 0:40:41]} Rb7 {[%clk 0:04:39]} 42. Bf1 {[%clk 0:39:49]} Rxb6
{[%clk 0:04:44]} 43. Rxc3 {[%clk 0:40:14]} Qd6 {[%clk 0:05:05]} 44. Bc4
{[%clk 0:39:36]} e6 {[%clk 0:05:05]} 45. Rd3 {[%clk 0:39:17]} Qc7
{[%clk 0:05:22]} 46. Bb3 {[%clk 0:39:09]} Rb4 {[%clk 0:05:25]} 47. Rc3
{[%clk 0:39:07]} Qb7 {[%clk 0:05:41]} 48. Bc2 {[%clk 0:39:02]} Rd4
{[%clk 0:05:48]} 49. Qh3 {[%clk 0:37:02]} h5 {[%clk 0:06:06]} 50. Rf3
{[%clk 0:36:51]} Bh6 {[%clk 0:06:19]} 51. Rb3 {[%clk 0:36:46]} Qc7
{[%clk 0:06:14]} 52. Rc3 {[%clk 0:36:43]} Qd7 {[%clk 0:06:33]} 53. Rc5
{[%clk 0:36:39]} Rd2 {[%clk 0:03:39]} 54. Qf3 {[%clk 0:36:44]} Bf4
{[%clk 0:03:54]} 55. Rc4 {[%clk 0:36:40]} Qe7 {[%clk 0:04:12]} 56. Kh3
{[%clk 0:36:54]} Qa7 {[%clk 0:04:24]} 57. Kg2 {[%clk 0:36:51]} Kg7
{[%clk 0:04:13]} 58. Ra4 {[%clk 0:36:00]} Qe7 {[%clk 0:04:34]} 59. Bb3
{[%clk 0:35:45]} Qxh4 {[%clk 0:04:45]} 60. Ra7 {[%clk 0:36:00]} Kf6
{[%clk 0:04:36]} 61. Bd1 {[%clk 0:36:05]} Qg5+ {[%clk 0:02:56]} 62. Kf1
{[%clk 0:36:23]} Qh6 {[%clk 0:02:20]} 63. Qb3 {[%clk 0:36:21]} Qf8
{[%clk 0:02:21]} 64. Bf3 {[%clk 0:36:12]} Qc5 {[%clk 0:02:16]} 0-1

[Event "WCO2014"]
[Site "Tromso"]
[Date "2014.08.03"]
[Round "2.44"]
[WhiteID "12502014"]
[White "Pourkashiyan Atousa"]
[BlackID "15000630"]
[Black "Koskoska Gabriela"]
[Result "1-0"]
[LiveChessVersion "1.4.3"]
[BlackElo "2102"]
[WhiteElo "2352"]

1. e4 {[%clk 1:30:48]} d5 {[%clk 1:30:43]} 2. exd5 {[%clk 1:31:05]} Qxd5
{[%clk 1:31:08]} 3. Nc3 {[%clk 1:31:27]} Qd8 {[%clk 1:31:33]} 4. d4
{[%clk 1:31:36]} c6 {[%clk 1:31:39]} 5. Bc4 {[%clk 1:30:57]} Bf5 {[%clk 1:31:02]}
6. g4 {[%clk 1:24:28]} Bg6 {[%clk 1:30:52]} 7. Nf3 {[%clk 1:07:47]} Nd7
{[%clk 1:20:43]} 8. Qe2 {[%clk 1:06:31]} e6 {[%clk 0:58:04]} 9. Bd2
{[%clk 1:00:47]} h5 {[%clk 0:52:24]} 10. g5 {[%clk 0:43:27]} Bb4 {[%clk 0:47:21]}
11. O-O-O {[%clk 0:40:22]} Ne7 {[%clk 0:45:37]} 12. Nh4 {[%clk 0:31:55]} Qa5
{[%clk 0:37:06]} 13. Nxg6 {[%clk 0:21:10]} Nxg6 {[%clk 0:37:26]} 14. h4
{[%clk 0:18:26]} O-O-O {[%clk 0:35:42]} 15. Kb1 {[%clk 0:17:54]} Qc7
{[%clk 0:34:05]} 16. Qe4 {[%clk 0:15:22]} Ne7 {[%clk 0:30:36]} 17. a3
{[%clk 0:14:08]} Bd6 {[%clk 0:30:00]} 18. Bb3 {[%clk 0:14:08]} g6
{[%clk 0:27:13]} 19. Qf3 {[%clk 0:09:38]} Nf5 {[%clk 0:24:31]} 20. Ne4
{[%clk 0:10:02]} Be7 {[%clk 0:21:42]} 21. Bf4 {[%clk 0:09:16]} Qb6
{[%clk 0:19:03]} 22. Qc3 {[%clk 0:09:33]} Nb8 {[%clk 0:17:14]} 23. Be5
{[%clk 0:07:32]} Rhf8 {[%clk 0:15:57]} 24. Nc5 {[%clk 0:06:54]} Bd6
{[%clk 0:13:58]} 25. f4 {[%clk 0:04:46]} Rde8 {[%clk 0:11:41]} 26. Bc4
{[%clk 0:03:20]} Qc7 {[%clk 0:11:33]} 27. Be2 {[%clk 0:03:05]} Nd7
{[%clk 0:11:12]} 28. Ne4 {[%clk 0:03:30]} Nxe5 {[%clk 0:10:12]} 29. fxe5
{[%clk 0:03:28]} Be7 {[%clk 0:10:37]} 30. Qb3 {[%clk 0:02:26]} Rd8
{[%clk 0:10:24]} 31. c3 {[%clk 0:02:53]} Qb6 {[%clk 0:08:43]} 32. Qa2
{[%clk 0:01:12]} Qc7 {[%clk 0:07:28]} 33. b4 {[%clk 0:01:08]} Qd7
{[%clk 0:07:31]} 34. Rh3 {[%clk 0:01:13]} Qd5 {[%clk 0:06:01]} 35. Qc2
{[%clk 0:01:37]} b6 {[%clk 0:05:19]} 36. c4 {[%clk 0:01:39]} Qd7 {[%clk 0:05:38]}
37. d5 {[%clk 0:02:07]} Rde8 {[%clk 0:02:09]} 38. d6 {[%clk 0:01:59]} Bd8
{[%clk 0:02:38]} 39. a4 {[%clk 0:01:04]} Kb8 {[%clk 0:02:01]} 40. Ka2
{[%clk 0:00:41]} Qb7 {[%clk 0:00:51]} 41. Bf1 {[%clk 0:00:42]} Rh8
{[%clk 0:29:28]} 42. Bg2 {[%clk 0:26:08]} Qd7 {[%clk 0:27:31]} 43. b5
{[%clk 0:20:11]} Ref8 {[%clk 0:26:05]} 44. Nc3 {[%clk 0:16:44]} c5
{[%clk 0:22:56]} 45. Qe4 {[%clk 0:16:43]} 1-0

[Event "WCO2014"]
[Site "Tromso"]
[Date "2014.08.03"]
[Round "2.43"]
[WhiteID "15002594"]
[White "Stojkovska Monika"]
[BlackID "12512214"]
[Black "Khademalsharieh Sarasadat"]
[Result "0-1"]
[LiveChessVersion "1.4.3"]
[BlackElo "2324"]
[WhiteElo "2027"]

1. e4 {[%clk 1:30:57]} e5 {[%clk 1:30:51]} 2. Nf3 {[%clk 1:31:20]} Nc6
{[%clk 1:31:13]} 3. d4 {[%clk 1:31:36]} exd4 {[%clk 1:31:33]} 4. Nxd4
{[%clk 1:32:01]} Bb4+ {[%clk 1:31:47]} 5. c3 {[%clk 1:32:00]} Bc5
{[%clk 1:32:11]} 6. Be3 {[%clk 1:31:52]} Bb6 {[%clk 1:32:31]} 7. Bc4
{[%clk 1:30:27]} Nf6 {[%clk 1:29:45]} 8. Nxc6 {[%clk 1:24:55]} bxc6
{[%clk 1:30:08]} 9. Bxb6 {[%clk 1:25:10]} axb6 {[%clk 1:30:25]} 10. e5
{[%clk 1:25:14]} Qe7 {[%clk 1:24:37]} 11. O-O {[%clk 1:19:23]} Ne4
{[%clk 1:24:49]} 12. Qe2 {[%clk 1:03:26]} d5 {[%clk 1:05:30]} 13. exd6
{[%clk 1:01:21]} Nxd6 {[%clk 1:05:54]} 14. Qxe7+ {[%clk 0:52:38]} Kxe7
{[%clk 1:06:18]} 15. Re1+ Kf6 {[%clk 1:06:41]} 16. Bb3 {[%clk 0:51:44]} Ba6
{[%clk 1:06:49]} 17. Nd2 {[%clk 0:51:48]} Rhe8 {[%clk 1:07:03]} 18. f3
{[%clk 0:50:11]} Bd3 {[%clk 1:00:25]} 19. Kf2 {[%clk 0:46:02]} Rxe1
{[%clk 0:59:14]} 20. Rxe1 {[%clk 0:46:04]} c5 {[%clk 0:59:39]} 21. Bd5
{[%clk 0:37:27]} c6 {[%clk 0:59:43]} 22. Ne4+ {[%clk 0:16:07]} Bxe4
{[%clk 0:59:12]} 23. Bxe4 {[%clk 0:16:20]} Rxa2 {[%clk 0:59:29]} 24. Re2
{[%clk 0:16:07]} Nxe4+ {[%clk 0:57:59]} 25. fxe4 {[%clk 0:16:23]} Ke5
{[%clk 0:58:24]} 26. Ke3 {[%clk 0:15:59]} Ra4 {[%clk 0:58:19]} 27. Kd3
{[%clk 0:16:04]} f6 {[%clk 0:58:19]} 28. g3 {[%clk 0:14:29]} b5 {[%clk 0:57:32]}
29. Re1 {[%clk 0:09:49]} b4 {[%clk 0:46:38]} 30. Re2 {[%clk 0:06:18]} bxc3
{[%clk 0:46:21]} 31. bxc3 {[%clk 0:06:21]} c4+ {[%clk 0:46:32]} 32. Ke3
{[%clk 0:05:24]} Ra1 {[%clk 0:44:46]} 33. Kf2 {[%clk 0:02:42]} Rc1
{[%clk 0:40:33]} 34. Re3 {[%clk 0:02:34]} Rc2+ {[%clk 0:40:58]} 35. Kg1
{[%clk 0:02:57]} g5 {[%clk 0:40:09]} 36. Kh1 {[%clk 0:00:32]} g4 {[%clk 0:40:22]}
37. Kg1 {[%clk 0:00:50]} Rd2 {[%clk 0:40:47]} 38. Re1 {[%clk 0:31:00]} Rd3
{[%clk 1:11:38]} 0-1